| 000 | 00381 a2200121 4500 | ||
|---|---|---|---|
| 001 | ART_3436 | ||
| 005 | 20260410161714.0 | ||
| 008 | 260409a | ||
| 245 | 1 | 0 | _aInflación y tarifas públicas: Argentina 1945-1980 |
| 100 | 1 | _aPorto, Alberto | |
| 700 | 1 | _aNúñez Miñana, Horacio | |
| 773 | 0 |
_tDesarrollo económico _g- Vol. 21, Nº 84 (ene./mar. 1982) _wREV1174 |
|
| 999 |
_c16388 _d16388 |
||